000 00625cam a22002053a 4500
001 34006
003 PGUSA
005 20140828083732.0
008 100927s2010||||xxu|||||s|||||000 | eng d
040 _aPGUSA
_beng
042 _adc
100 1 _aDarwin, Francis,
_cSir,
_d1848-1925
245 1 0 _aRustic Sounds, and Other Studies in Literature and Natural History
_h[electronic resource] /
_cFrancis, Darwin
260 _bProject Gutenberg,
_c2010
506 _aPublic domain in the USA.
516 _aElectronic text
830 0 _aProject Gutenberg
_v34006
856 4 0 _uhttp://www.gutenberg.org/ebooks/34006
942 _cEB
999 _c263261
_d263261